Geography Quiz

Random Geography or State Quiz

The Top Five Most Populous U.S. Cities Quiz Stats

 Plays Quiz not verified by Sporcle

Support Sporcle.
Go Orange.
Score 0/5 Timer 01:00
0 Plays Today
Approx. Population City % Correct
8,405,837New York City, New York
100%
3,884,307Los Angeles, California
98.5%
2,718,782Chicago, Illinois
98.5%
2,195,914Houston, Texas
98.5%
1,553,165Philadelphia, Pennsylvania
86.8%

You're not logged in!

Compare scores with friends on all Sporcle quizzes.
OR
Log In

From the Vault

Find the Super Bowl MVPs

by naqwerty3

The fact that the trophy isn't a huge bowl feels like a missed opportunity.
Remove Ads.
Support Sporcle.
Get the best of Sporcle when you Go Orange. This ad-free experience offers more features, more stats, and more fun while also helping to support Sporcle. Thank you for becoming a member.

Show Comments

Extras

Top Quizzes Today


Score Distribution

Your Account Isn't Verified!

In order to create a playlist on Sporcle, you need to verify the email address you used during registration. Go to your Sporcle Settings to finish the process.

Report this User

Report this user for behavior that violates our Community Guidelines.

Details: